La nourriture espagnole - Statistiques

Statistiques générales
  • Ce quiz a été pris 828 fois
  • Le résultat moyen est 5 sur 11
Statistiques - réponses
Par images Réponse % Correct
Paella
100%
Churros
95%
Sangria
72%
Gaspacho
65%
Croquettes
48%
Patatas bravas
38%
Pan con tomate
30%
Anchois
20%
Tortilla de patata
20%
Crème catalane
19%
Jambon ibérique
11%
Aucun quiz correspondant
Distribution des résultats
% des personnes avec chaque résultat
Percentile par nombre de réponses
Votre historique - résultats
Vous n’avez pas pris ce quiz